000 01760cad a22002655a 4500
001 L145438
008 081009s20081008xxkd f 000 0 eng d
020 _a9781409806028
035 _a(Sirsi) u145438
041 0 _aeng
050 0 4 _a346.4104346 $2 18
110 2 _aUnited Kingdom
_bDepartment for Communities and Local Government
_94939
245 0 0 _aShared ownership and leasehold enfranchisement and designation of 'protected areas'
_ba consultation paper
_h[electronic resource]
260 _aLondon
_bDCLG
_c2008
505 2 _aWhat this paper covers -- Background -- Criteria for designating other 'protected areas' -- Conditions for the exclusion of a shared ownership lease from enfranchisement provisions -- How to respond -- Annexes: the consultation criteria; list of those consulted; list of orders detailing areas currently designated as rural for the purposes of right to acquire; impact assessment
520 _aSets out and seeks responses to the initial proposals for designation of 'protected areas' in rural areas. Opinions are sought on the types of location to be designated and terms and conditions for non-housing association shared ownership leases granted for houses.
520 _aSee also 'Shared ownership and leasehold enfranchisement: consultation' (L139471).
520 _aAll responses must be received by 31 December 2008.
521 _aAdvanced
590 _aKA NTK
651 4 _aEngland and Wales
_y1543-
690 _aPROPERTY-RESIDENTIAL PROPERTY-RESIDENTIAL LANDLORD AND TENANT-RESIDENTIAL LEASES-RESIDENTIAL LEASEHOLD ENFRANCHISEMENT
856 4 0 _uhttps://www.communities.gov.uk/publications/housing/protectedareasconsultation
_zView the item free of charge online at www.communities.gov.uk...
942 _n0
999 _c108794
_d108794